000 00561nam a2200229Ia 4500
003 OSt
005 20220928114535.0
006 a|||||r|||| 00| 0
007 ta
008 220927b |||||||| |||| 00| 0 eng d
024 _a52146
037 _cTextual
040 _aSDCL
_cSDCL
_beng
041 _2eng
_aeng
082 _aR4, L9
100 _aEmmet Dorothy
_9404701
245 0 _aMoral prism .
260 _aLondon
_bMacmillan
_c1979
300 _ax,173p.
_ccm.
942 _hR4, L9
_cTEXL
_2CC
999 _c755282
_d755282